| 000 | 00905 a2200265 4500 | ||
|---|---|---|---|
| 999 |
_c10560 _d10560 |
||
| 020 | _a9780801883330 | ||
| 050 | _aJQ1879. LIN 2006 | ||
| 100 |
_aLindberg, Staffan I _d 1969- _eauthor |
||
| 245 | 0 | 0 |
_a Democracy and elections in Africa _cStaffan I Lindberg |
| 264 | 1 |
_aBaltimore : _bJohns Hopkins University Press, _c ♭2006 |
|
| 300 | _axiii, 227 pages : illustrations ; 23 cm | ||
| 336 |
_atext _btxt _2rdacontent |
||
| 337 |
_acomputer _bc _2rdamedia |
||
| 338 |
_aonline resource _bcr _2rdacarrier |
||
| 500 | _alncludes index | ||
| 650 | 0 |
_aElections _xAfrica. |
|
| 650 | 0 |
_a Democracy _xAfrica. |
|
| 650 | 0 |
_a Africa _x Politics and government -- 1960 |
|
| 700 | 1 |
_aAbu Taha, Rimal. _eeditor. |
|
| 700 | 1 |
_aDaim, Tugrul U. _eeditor. |
|
| 700 | 1 |
_aIskin, Ibrahim. _eeditor. |
|
| 700 | 1 |
_aKim, Jisun. _eeditor. |
|
| 700 | 1 |
_avan Blommestein, Kevin C. _eeditor. |
|
| 942 |
_2lcc _cBK _h1879 _iLIN _kJQ |
||